Представление документа в формате MARC21

Поле Инд. ПП Название Значение
Тип записи a
Библиографический уровень m
001 Контрольный номер 38ebec0a1c0849fca4733d7471c315c5
005 Дата корректировки 20161118154301.2
008 Кодируемые данные 080506
020 c Цена, тираж 80.00
040 a Служба первич. каталог. НБ ТвГУ
041 a Код языка текста rus
080 a Индекс УДК 783:781.24
084 a Индекс другой классификации/Индекс ББК Щ310.5г(2Рос)3
a Индекс другой классификации/Индекс ББК Щ905
a Индекс другой классификации/Индекс ББК Щ99
090 x Авторский знак Д85
a Полочн. индекс Щ310.5
245 10 a Заглавие Духовный отдых юношества
n Номер части/ раздела 1932, №1-3
b Продолж. заглавия практ. руководство к изуч. знаменного (солевого) пения
c Ответственность [авт. и изд. Л. Мурников] ; переизд. Громов. старообряд. общиной
245 00 a Заглавие Духовный отдыхъ юношества
250 a Основные сведения об издании Репринт. изд.
260 0_ a Место издания СПб.
b Издательство Лад
c Дата издания 2005
300 a Объем [46] c.
b Иллюстрации/ тип воспроизводства табл.
500 a Примечание Вых дан. ориг.: Немме (Эстония), 1915.
583 a Действие Получение впервые 122 13.05.2008
k Исполнитель действия Дар Ржевской Покровской старообрядческой общины
650 a Основная рубрика Музыкально-теоретические дисциплины
x Основная подрубрика История
z Географическая подрубрика Древняя Русь
650 a Основная рубрика Церковная музыка
650 a Основная рубрика Церковное пение знаменное
x Основная подрубрика Теория
653 a Ключевые слова Музыкально-теоретические дисциплины
a Ключевые слова История музыкально-теоретических систем
a Ключевые слова Церковная музыка
a Ключевые слова Церковное знаменное пение
a Ключевые слова Знаменное пение
a Ключевые слова Знаменный распев
a Ключевые слова Крюковое пение
700 1_ a Другие авторы Мурников Лев Сергеевич
e Роль лиц авт., изд.
852 t Порядковый номер экземпляра 1
p Инвентарный номер 908650
888 a Бесплатные
952 p 122.2008 80.00 1 908650
c Вид литературы К рн
954 a Дата поступления на обработку 20080610
999 a Подразделение 2 ОРК